000 00683nam a2200241Ia 4500
003 OSt
005 20220925230009.0
006 a|||||r|||| 00| 0
007 ta
008 220923b |||||||| |||| 00| 0 eng d
037 _cGeneral Book
040 _aRTL
_cRTL
_beng
041 _2eng
_aeng
082 _aV3:1.N6, K9
110 _aPolitical and Economic Planning
_9122748
245 0 _aRenewal of British government
260 _aLondon
_bThe Author
_c1969
300 _avi, 655+81p
_ccm.
650 _aGreat Britain History
_91540
700 _aPolitical and Economic Planning
_9122749
942 _hV3:1.N6, K9
_cGB
_2CC
999 _c584516
_d584516